[Event "Unna Open 2023"]
[Site "Unna"]
[Date "2023.12.29"]
[Round "6.47"]
[White "Demirörs, Emre"]
[Black "Siebert, Michael"]
[Result "0-1"]
[WhiteElo "1162"]
[BlackElo "1473"]
[PlyCount "56"]
[EventDate "2023.12.??"]
[EventType "swiss"]
[EventRounds "7"]
[EventCountry "GER"]
[Tiebreak "Progressive score"]
[SourceVersionDate "2023.12.27"]

1. e4 g6 2. d4 Bg7 3. Nc3 e6 4. Be3 Ne7 5. Qd2 O-O 6. Bh6 b6 7. Bxg7 Kxg7 8. h4
h6 9. g4 f5 10. gxf5 exf5 11. f3 Bb7 12. O-O-O d5 13. e5 Nd7 14. f4 h5 15. Nf3
Re8 16. Be2 Ng8 17. Rdg1 Nh6 18. Qe1 c5 19. Nb5 Nf8 20. Nd6 Re7 21. Bd3 Qd7 22.
Rg3 Rd8 23. Qg1 c4 24. Be2 Qa4 25. a3 Rxd6 26. exd6 Rxe2 27. Ne1 Qa5 28. Re3
Qd2+ 0-1

[Event "Unna Open 2023"]
[Site "Unna"]
[Date "2023.12.29"]
[Round "6.48"]
[White "Schweda, Sven"]
[Black "Dolheimer, Peter"]
[Result "1-0"]
[WhiteElo "1377"]
[BlackElo "1253"]
[PlyCount "45"]
[EventDate "2023.12.??"]
[EventType "swiss"]
[EventRounds "7"]
[EventCountry "GER"]
[Tiebreak "Progressive score"]
[SourceVersionDate "2023.12.27"]

1. e4 e5 2. Nf3 Nc6 3. Nc3 Bc5 4. Bc4 Nf6 5. h3 a6 6. O-O b5 7. Bb3 b4 8. Na4
Ba7 9. d3 Nd4 10. Nxe5 Nxb3 11. axb3 d6 12. Nc6 Qd7 13. Nxb4 c6 14. c4 Rb8 15.
Na2 O-O 16. Be3 Bxe3 17. fxe3 Qb7 18. Nc1 Qa7 19. Qe2 Qc7 20. Nc3 Bd7 21. Rxa6
Qc8 22. Ra3 g6 23. Rxf6 1-0

[Event "Unna Open 2023"]
[Site "Unna"]
[Date "2023.12.29"]
[Round "6.50"]
[White "Bintig, Til"]
[Black "Deysenroth, Gerald"]
[Result "1-0"]
[WhiteElo "1322"]
[BlackElo "1236"]
[PlyCount "65"]
[EventDate "2023.12.??"]
[EventType "swiss"]
[EventRounds "7"]
[EventCountry "GER"]
[Tiebreak "Progressive score"]
[SourceVersionDate "2023.12.27"]

1. c4 b6 2. Nf3 Bb7 3. Nc3 e5 4. Nxe5 Nf6 5. d4 Bd6 6. Nf3 c6 7. Bg5 Qc7 8. e4
Bb4 9. Bd3 d6 10. a3 Bxc3+ 11. bxc3 Nbd7 12. O-O h6 13. Bf4 g5 14. Bg3 Nh5 15.
e5 Nxg3 16. fxg3 O-O-O 17. Re1 Kb8 18. Rb1 Rhg8 19. exd6 Qxd6 20. Ne5 Nxe5 21.
Rxe5 f6 22. Re3 Rh8 23. Qb3 h5 24. c5 Qd7 25. cxb6 a6 26. Qb4 Rde8 27. Rbe1
Rxe3 28. Rxe3 h4 29. Qe7 Qd5 30. Qc7+ Ka8 31. Bxa6 Rb8 32. Bxb7+ Rxb7 33. Re8+
1-0

[Event "Unna Open 2023"]
[Site "Unna"]
[Date "2023.12.29"]
[Round "6.52"]
[White "Mallek, Peter"]
[Black "Mazaheri, Amirmahyar"]
[Result "1-0"]
[WhiteElo "1190"]
[BlackElo "919"]
[PlyCount "107"]
[EventDate "2023.12.??"]
[EventType "swiss"]
[EventRounds "7"]
[EventCountry "GER"]
[Tiebreak "Progressive score"]
[SourceVersionDate "2023.12.27"]

1. e4 e5 2. Nf3 Nc6 3. Bc4 Bc5 4. c3 Nf6 5. d3 O-O 6. O-O d5 7. exd5 Nxd5 8.
Re1 Re8 9. Be3 b6 10. Bxc5 bxc5 11. Nbd2 Nf4 12. Ne4 Qe7 13. Nfg5 Be6 14. Nxe6
fxe6 15. Bb5 Red8 16. Qf3 Qd7 17. Nxc5 Qd6 18. Qxc6 Qxc6 19. Bxc6 Rab8 20. Rab1
Nxd3 21. Nxd3 Rxd3 22. g3 Rd2 23. Rxe5 Rbxb2 24. Rxb2 Rxb2 25. Ra5 Rc2 26. Ra3
Kf7 27. Ba4 Rc1+ 28. Kg2 Kf6 29. Bb5 Kf5 30. c4 c6 31. Bxc6 Rxc4 32. Bb7 Rc7
33. Rxa7 Ke5 34. Ra5+ Kd4 35. Bf3 e5 36. Ra4+ Rc4 37. Rxc4+ Kxc4 38. Be4 Kb4
39. Bxh7 Ka3 40. f4 exf4 41. gxf4 Kxa2 42. Kg3 Kb3 43. Kg4 Kc4 44. Kg5 Kd5 45.
Kg6 Ke6 46. Kxg7 Ke7 47. f5 Kd6 48. f6 Ke5 49. f7 Kf4 50. f8=Q+ Kg4 51. Qf5+
Kh4 52. Qf2+ Kg4 53. Qg3+ Kh5 54. Bg6# 1-0

[Event "Unna Open 2023"]
[Site "Unna"]
[Date "2023.12.29"]
[Round "6.54"]
[White "Leufert, Jan-Frederik"]
[Black "Weiner, Letizia Marilena"]
[Result "1-0"]
[WhiteElo "930"]
[BlackElo "909"]
[PlyCount "91"]
[EventDate "2023.12.??"]
[EventType "swiss"]
[EventRounds "7"]
[EventCountry "GER"]
[Tiebreak "Progressive score"]
[SourceVersionDate "2023.12.27"]

1. d4 c6 2. Nf3 d5 3. Bf4 Bg4 4. e3 e6 5. c3 Bd6 6. Bxd6 Qxd6 7. h3 Bf5 8. Bd3
Bg6 9. Bxg6 hxg6 10. Nbd2 Nd7 11. Qe2 e5 12. e4 f6 13. O-O O-O-O 14. Rfe1 Rh5
15. Qe3 Kb8 16. dxe5 Nxe5 17. Nxe5 Rxe5 18. f3 f5 19. Rad1 Nf6 20. Nc4 dxc4 21.
Rxd6 Rxd6 22. Qe2 Rd3 23. Rd1 fxe4 24. fxe4 Rxe4 25. Qc2 Ree3 26. b3 Rxc3 27.
Qxg6 Re7 28. bxc4 Rxc4 29. Qd3 Rd7 30. Qg3+ Kc8 31. Rxd7 Nxd7 32. Qxg7 Rc2 33.
Qg8+ Kc7 34. Qg3+ Kd8 35. h4 Nf6 36. Qd3+ Kc7 37. Qxc2 b5 38. Qe2 Kb6 39. Qf2+
Ka5 40. Qxf6 b4 41. h5 c5 42. h6 c4 43. Qf5+ Ka4 44. Qc2+ b3 45. Qxc4+ Ka3 46.
Qxb3# 1-0

[Event "Unna Open 2023"]
[Site "Unna"]
[Date "2023.12.29"]
[Round "6.55"]
[White "Arnoldi, Ekkehard"]
[Black "Fischer, Jürgen"]
[Result "1/2-1/2"]
[WhiteElo "1435"]
[BlackElo "1372"]
[PlyCount "87"]
[EventDate "2023.12.??"]
[EventType "swiss"]
[EventRounds "7"]
[EventCountry "GER"]
[Tiebreak "Progressive score"]
[SourceVersionDate "2023.12.27"]

1. d4 d5 2. Bf4 Nf6 3. e3 e6 4. h3 c5 5. Nf3 b6 6. Ne5 Ba6 7. c4 Be7 8. Qa4+
Nfd7 9. Nxd7 Qxd7 10. Qc2 O-O 11. cxd5 Bxf1 12. Rxf1 exd5 13. Nc3 cxd4 14. exd4
Nc6 15. O-O-O Rac8 16. Kb1 a6 17. Qb3 Qf5+ 18. Ka1 Qxf4 19. Nxd5 Qd6 20. Rfe1
b5 21. Qf3 Rfe8 22. Qf5 Rb8 23. a3 a5 24. b4 axb4 25. axb4 Ra8+ 26. Kb2 Nxb4
27. Nxe7+ Rxe7 28. Rxe7 Qxe7 29. Ra1 Re8 30. Kb3 Nc6 31. Qc5 Qxc5 32. dxc5 Nd4+
33. Kc3 Ne2+ 34. Kb4 g6 35. Kxb5 Nd4+ 36. Kb6 Rb8+ 37. Kc7 Rb2 38. Rc1 Rxf2 39.
c6 Rxg2 40. Rc3 Nb5+ 41. Kd8 Nxc3 42. c7 Rd2+ 43. Ke8 Re2+ 44. Kd8 1/2-1/2

[Event "Unna Open 2023"]
[Site "Unna"]
[Date "2023.12.29"]
[Round "6.56"]
[White "Leufert, Nils Florian"]
[Black "Krüger, Elias Jordan"]
[Result "1/2-1/2"]
[WhiteElo "981"]
[BlackElo "1183"]
[PlyCount "44"]
[EventDate "2023.12.??"]
[EventType "swiss"]
[EventRounds "7"]
[EventCountry "GER"]
[Tiebreak "Progressive score"]
[SourceVersionDate "2023.12.27"]

1. e4 e5 2. Nf3 Nc6 3. Nc3 Bc5 4. Bc4 h6 5. O-O Nf6 6. d3 d6 7. Bd2 Bg4 8. h3
Bxf3 9. Qxf3 Nd4 10. Qd1 c6 11. a3 b5 12. Bb3 a5 13. a4 b4 14. Ne2 Nxb3 15.
cxb3 O-O 16. Qc1 Qb6 17. Be3 Bxe3 18. Qxe3 Qc7 19. d4 d5 20. exd5 exd4 21. Nxd4
cxd5 22. Rac1 Qd7 1/2-1/2

[Event "Unna Open 2023"]
[Site "Unna"]
[Date "2023.12.30"]
[Round "7.1"]
[White "Tkachuk, Sergiy"]
[Black "Cofmann, Veaceslav"]
[Result "0-1"]
[WhiteElo "2236"]
[BlackElo "2210"]
[Annotator "Medger,Gernot"]
[PlyCount "134"]
[EventDate "2023.12.??"]
[EventType "swiss"]
[EventRounds "7"]
[EventCountry "GER"]
[Tiebreak "Progressive score"]
[SourceVersionDate "2023.12.27"]

1. Nf3 e6 2. g3 Nf6 3. Bg2 d5 4. d3 c5 5. c3 Nc6 $11 6. O-O Be7 7. Qc2 O-O 8.
e4 b6 9. Re1 Ba6 10. e5 Nd7 11. h4 Qc7 12. Bf4 h6 13. Nbd2 Rfd8 14. Rad1 Nf8
15. h5 Nh7 16. Nf1 Rac8 17. Qc1 d4 18. c4 b5 19. N1d2 Nb4 20. Qb1 bxc4 21. Nxc4
Nd5 22. Bd2 Qd7 23. Ba5 Re8 24. Nfd2 Rb8 25. Qc2 Nb6 26. b3 Nd5 27. Ne4 Bxc4
28. dxc4 Nb4 29. Bxb4 Rxb4 30. f4 Qc7 31. Nf2 a5 32. Nd3 Rb6 33. Be4 Nf8 34.
Nb2 Nd7 35. Qe2 Rbb8 36. Bc2 Nf8 37. a4 f6 38. Nd3 Nd7 39. Qg4 f5 40. Qe2 Rf8
41. Kh2 Rb6 42. Rg1 Nb8 43. Rg2 Qb7 44. Nc1 Nc6 45. g4 d3 46. Rxd3 Nd4 47. Qf2
fxg4 48. Rxg4 Nxc2 49. Qxc2 Rf5 50. Rh3 Bf8 51. Ne2 Qf7 52. Qd2 Rxh5 53. Rgg3
Rxh3+ 54. Rxh3 Rb4 55. Qe3 Qf5 56. Rf3 Qh5+ 57. Kg2 Qg6+ 58. Ng3 Rb8 59. Qd3
Qg4 60. Qd7 h5 61. Kf2 Kh8 62. Qf7 h4 63. Ne4 h3 64. Rg3 Qh4 65. Nf6 Qxf4+ 66.
Ke2 Qxe5+ 67. Kf2 Qxf6+ 0-1

[Event "Unna Open 2023"]
[Site "Unna"]
[Date "2023.12.30"]
[Round "7.2"]
[White "Korten, Lando"]
[Black "Wichtrup, Jan-Louis"]
[Result "1/2-1/2"]
[WhiteElo "2173"]
[BlackElo "2105"]
[Annotator "Medger,Gernot"]
[PlyCount "108"]
[EventDate "2023.12.??"]
[EventType "swiss"]
[EventRounds "7"]
[EventCountry "GER"]
[Tiebreak "Progressive score"]
[SourceVersionDate "2023.12.27"]

1. d4 d5 2. c4 e6 3. Nc3 Nf6 4. cxd5 Nxd5 5. e4 Nxc3 6. bxc3 c5 7. Rb1 Be7 8.
Nf3 O-O 9. Bc4 a6 10. a4 Qc7 11. Bd3 cxd4 12. cxd4 Nc6 13. O-O Nb4 14. Ba3 Nxd3
15. Qxd3 Bxa3 16. Qxa3 Qc2 17. e5 Bd7 18. a5 Bc6 19. Rfd1 Rad8 20. Ne1 Qe4 21.
f3 Qe2 22. Qc3 Bb5 23. h3 Rc8 24. Qd2 Qxd2 25. Rxd2 Rfd8 26. Nc2 Rc3 27. Rb2
Kf8 28. Kf2 Rdc8 29. Na1 Ra3 30. Nb3 Rc7 31. f4 $11 Ke7 32. d5 exd5 33. Rxd5
Rc3 34. Nd4 Rxa5 35. Rd2 g6 36. f5 Rc8 37. f6+ Ke8 38. Ke3 Ra3+ 39. Kf4 h6 40.
Rd6 Ra4 41. e6 fxe6 42. Rxe6+ Kf7 43. Rb6 Bc6 44. Kg3 Rxd4 45. Rxd4 Kxf6 46.
Rd6+ Kg7 47. Rb4 Rf8 48. h4 Rf6 49. Rbd4 Kf7 50. Rf4 Rxf4 51. Kxf4 Bxg2 52. Ke5
Bc6 53. h5 gxh5 54. Rxh6 a5 $11 1/2-1/2

[Event "Unna Open 2023"]
[Site "Unna"]
[Date "2023.12.30"]
[Round "7.3"]
[White "Krüger, André"]
[Black "Torres-Kuckel, Rafael"]
[Result "1/2-1/2"]
[WhiteElo "1907"]
[BlackElo "2128"]
[PlyCount "49"]
[EventDate "2023.12.??"]
[EventType "swiss"]
[EventRounds "7"]
[EventCountry "GER"]
[Tiebreak "Progressive score"]
[SourceVersionDate "2023.12.27"]

1. c4 g6 2. Nc3 Bg7 3. d4 Nf6 4. e4 d6 5. Nf3 O-O 6. Be2 e5 7. O-O Nbd7 8. Re1
Re8 9. Bf1 h6 10. Rb1 a5 11. a3 exd4 12. Nxd4 Nc5 13. f3 Ne6 14. Nc2 a4 15. Be3
Nd7 16. Nb4 Ndc5 17. Nd3 Bd7 18. Nxc5 dxc5 19. Qd2 Kh7 20. Red1 Bc6 21. Qf2 Qe7
22. Nd5 Bxd5 23. cxd5 Nd4 24. Bd3 b6 25. Kh1 1/2-1/2

[Event "Unna Open 2023"]
[Site "Unna"]
[Date "2023.12.30"]
[Round "7.4"]
[White "Tkachuk, Konstantin"]
[Black "Mann, Gergely"]
[Result "1-0"]
[WhiteElo "2241"]
[BlackElo "2051"]
[PlyCount "103"]
[EventDate "2023.12.??"]
[EventType "swiss"]
[EventRounds "7"]
[EventCountry "GER"]
[Tiebreak "Progressive score"]
[SourceVersionDate "2023.12.27"]

1. Nf3 d5 2. g3 c6 3. Bg2 Bg4 4. h3 Bxf3 5. Bxf3 e5 6. d3 Nf6 7. O-O Nbd7 8. c4
Be7 9. cxd5 cxd5 10. Nc3 d4 11. Nd5 Nxd5 12. Bxd5 Nc5 13. Bg2 O-O 14. b4 Ne6
15. Bd2 Qd7 16. Qb3 Rac8 17. a4 Bg5 18. Bxg5 Nxg5 19. h4 Ne6 20. Rfb1 Rfd8 21.
a5 h5 22. Qa4 Qxa4 23. Rxa4 Rd7 24. Ra2 g6 25. Rbb2 Kf8 26. Rc2 Rdc7 27. Rxc7
Rxc7 28. Bd5 Ke7 29. Bc4 Kd6 30. Kg2 Ke7 31. Kf3 Kd6 32. e3 Ke7 33. Bxe6 Kxe6
34. exd4 exd4 35. Ke4 Rd7 36. Rc2 f5+ 37. Kf4 Kf6 38. Rc8 a6 39. Rc5 Rd6 40.
Rc4 Rd5 41. f3 Rd7 42. Rc5 Rd6 43. b5 Re6 44. b6 Rd6 45. Rc7 Rd5 46. Rxb7 Rxa5
47. Ra7 Ra3 48. b7 Rb3 49. Rxa6+ Kf7 50. Kg5 Rxb7 51. Rxg6 Rb3 52. Rf6+ 1-0

[Event "Unna Open 2023"]
[Site "Unna"]
[Date "2023.12.30"]
[Round "7.5"]
[White "Gasper, Jörn"]
[Black "Stricker, Florian"]
[Result "1/2-1/2"]
[WhiteElo "1933"]
[BlackElo "2229"]
[PlyCount "70"]
[EventDate "2023.12.??"]
[EventType "swiss"]
[EventRounds "7"]
[EventCountry "GER"]
[Tiebreak "Progressive score"]
[SourceVersionDate "2023.12.27"]

1. e4 d6 2. d4 Nf6 3. Nc3 g6 4. Nf3 Bg7 5. h3 O-O 6. Bd3 a6 7. O-O Nc6 8. Bg5
e5 9. dxe5 dxe5 10. Bc4 Be6 11. Qxd8 Raxd8 12. Nd5 Bxd5 13. Bxd5 h6 14. Bxf6
Bxf6 15. Bxc6 bxc6 16. Rad1 Rd6 17. Rd3 Rb8 18. b3 Rb4 19. Rfd1 Be7 20. c4 f6
21. g4 a5 22. Ne1 Rb8 23. Kf1 Kf7 24. Ke2 Ke6 25. Ng2 a4 26. Ne3 axb3 27. axb3
Ra8 28. Rxd6+ Bxd6 29. h4 Bc5 30. Rb1 Ra2+ 31. Kf3 Bd4 32. h5 gxh5 33. gxh5
Bxe3 34. Kxe3 Rc2 35. Rd1 Rc3+ 1/2-1/2

[Event "Unna Open 2023"]
[Site "Unna"]
[Date "2023.12.30"]
[Round "7.6"]
[White "Brieger, Sebastian"]
[Black "Köhler, Christian Friedrich"]
[Result "0-1"]
[WhiteElo "1891"]
[BlackElo "2210"]
[PlyCount "70"]
[EventDate "2023.12.??"]
[EventType "swiss"]
[EventRounds "7"]
[EventCountry "GER"]
[Tiebreak "Progressive score"]
[SourceVersionDate "2023.12.27"]

1. e4 e5 2. Nf3 Nc6 3. Bb5 Nf6 4. d3 Bc5 5. Bxc6 dxc6 6. O-O Nd7 7. Nbd2 O-O 8.
Nc4 Re8 9. a4 a5 10. Re1 Bd6 11. Bd2 b6 12. Bc3 c5 13. b3 f6 14. Bb2 Bf8 15.
Ne3 Nb8 16. Nd2 Nc6 17. Rf1 Be6 18. g3 Bh3 19. Ng2 Qd7 20. f3 g6 21. Rf2 Bh6
22. Nf1 Nd4 23. Nfe3 Rf8 24. f4 f5 25. exf5 Bxg2 26. Nxg2 Rxf5 27. Ne3 Rf7 28.
Ng4 Bg7 29. fxe5 Rxf2 30. Nxf2 Bxe5 31. Qg4 Qxg4 32. Nxg4 Nf3+ 33. Kg2 Bxb2 34.
Rb1 Ne5 35. Rxb2 Nxg4 0-1

[Event "Unna Open 2023"]
[Site "Unna"]
[Date "2023.12.30"]
[Round "7.7"]
[White "Winterberg, Andreas"]
[Black "Ciornei, Dragos"]
[Result "1/2-1/2"]
[WhiteElo "1973"]
[BlackElo "2064"]
[Annotator "Medger,Gernot"]
[PlyCount "40"]
[EventDate "2023.12.??"]
[EventType "swiss"]
[EventRounds "7"]
[EventCountry "GER"]
[Tiebreak "Progressive score"]
[SourceVersionDate "2023.12.27"]

1. e4 e5 2. Nf3 Nc6 3. Bc4 Nf6 4. d3 h6 5. a4 d6 6. Nc3 g6 7. h3 Bg7 8. Be3 Be6
9. O-O O-O 10. Re1 d5 11. exd5 Nxd5 12. Bd2 Nxc3 13. Bxc3 Bxc4 14. dxc4 Re8 15.
Qxd8 Raxd8 16. Rad1 Nd4 17. Bxd4 exd4 18. Kf1 c5 19. Rxe8+ Rxe8 20. Ne1 Be5 $11
1/2-1/2

[Event "Unna Open 2023"]
[Site "Unna"]
[Date "2023.12.30"]
[Round "7.8"]
[White "Luft, Dennis"]
[Black "Bauch, Olaf"]
[Result "1-0"]
[WhiteElo "2310"]
[BlackElo "1923"]
[PlyCount "51"]
[EventDate "2023.12.??"]
[EventType "swiss"]
[EventRounds "7"]
[EventCountry "GER"]
[Tiebreak "Progressive score"]
[SourceVersionDate "2023.12.27"]

1. d4 Nf6 2. c4 g6 3. Nc3 d5 4. Qb3 c6 5. cxd5 Nxd5 6. e4 Nxc3 7. bxc3 Bg7 8.
Nf3 O-O 9. Ba3 b6 10. Rd1 Qc7 11. Bd3 Re8 12. h3 Nd7 13. O-O Bb7 14. Rfe1 c5
15. Ng5 e6 16. e5 Rac8 17. Be4 Rcd8 18. Bxb7 Qxb7 19. Ne4 Qc6 20. Nd6 Rf8 21.
Bc1 Nxe5 22. dxe5 Bxe5 23. Nxf7 Rxd1 24. Nh6+ Kh8 25. Rxd1 Qe4 26. Qb2 1-0

[Event "Unna Open 2023"]
[Site "Unna"]
[Date "2023.12.30"]
[Round "7.9"]
[White "Kantor, Nikita"]
[Black "Baumann, Stephan"]
[Result "1-0"]
[WhiteElo "1919"]
[BlackElo "2062"]
[PlyCount "63"]
[EventDate "2023.12.??"]
[EventType "swiss"]
[EventRounds "7"]
[EventCountry "GER"]
[Tiebreak "Progressive score"]
[SourceVersionDate "2023.12.27"]

1. e4 e5 2. f4 d5 3. exd5 c6 4. Ne2 Bg4 5. fxe5 Qxd5 6. d4 Nd7 7. Nbc3 Qa5 8.
Qd3 O-O-O 9. Qg3 h5 10. Be3 Nh6 11. Bxh6 Rxh6 12. O-O-O Nb6 13. h3 Be6 14. Kb1
Na4 15. Nxa4 Qxa4 16. b3 Qa3 17. Nf4 Bd5 18. Nxd5 Rxd5 19. Qc3 Bb4 20. Qb2 Qa5
21. c4 Bc3 22. Qf2 Rd8 23. Bd3 Kb8 24. Be4 c5 25. dxc5 Rxd1+ 26. Rxd1 Ra6 27.
Bxb7 Be1 28. Rxe1 Kxb7 29. Qxf7+ Kc6 30. Qd5+ Kc7 31. Re2 Qc3 32. Rd2 1-0

[Event "Unna Open 2023"]
[Site "Unna"]
[Date "2023.12.30"]
[Round "7.10"]
[White "Georg, Felix"]
[Black "Wenning, Niels"]
[Result "1/2-1/2"]
[WhiteElo "2051"]
[BlackElo "1914"]
[PlyCount "61"]
[EventDate "2023.12.??"]
[EventType "swiss"]
[EventRounds "7"]
[EventCountry "GER"]
[Tiebreak "Progressive score"]
[SourceVersionDate "2023.12.27"]

1. c4 e6 2. Nc3 d5 3. d4 Nf6 4. cxd5 exd5 5. Bg5 c6 6. e3 Bd6 7. Qc2 O-O 8. Bd3
h6 9. Bh4 Re8 10. Nge2 a5 11. Bg3 Na6 12. a3 Nc7 13. O-O Ne6 14. Rab1 Ng5 15.
Bxd6 Qxd6 16. Ng3 h5 17. h4 Ne6 18. b4 axb4 19. axb4 Ng4 20. Rfe1 Qd8 21. Bh7+
Kh8 22. Bf5 Qxh4 23. Bxg4 hxg4 24. b5 Ng5 25. Nce2 Nf3+ 26. gxf3 gxf3 27. bxc6
bxc6 28. Qxc6 Be6 29. Qd6 fxe2 30. Nxe2 Qg4+ 31. Qg3 1/2-1/2

[Event "Unna Open 2023"]
[Site "Unna"]
[Date "2023.12.30"]
[Round "7.11"]
[White "Meyer, Ulrich"]
[Black "Höllmann, Ludger"]
[Result "0-1"]
[WhiteElo "1829"]
[BlackElo "2015"]
[PlyCount "76"]
[EventDate "2023.12.??"]
[EventType "swiss"]
[EventRounds "7"]
[EventCountry "GER"]
[Tiebreak "Progressive score"]
[SourceVersionDate "2023.12.27"]

1. e4 c6 2. d4 d5 3. f3 Qb6 4. Nc3 dxe4 5. fxe4 e5 6. Nf3 exd4 7. Qxd4 Qxd4 8.
Nxd4 Bc5 9. Be3 Nf6 10. Be2 Nbd7 11. Nf5 Bxe3 12. Nxe3 Ne5 13. O-O-O Be6 14. h3
Rd8 15. g4 h6 16. Rdg1 g6 17. h4 Rd4 18. Rd1 Rxd1+ 19. Rxd1 Nfxg4 20. Nf1 Ke7
21. b3 h5 22. Nd2 Rd8 23. Rg1 Nf6 24. Rg3 Bg4 25. Bd3 Ne8 26. Na4 b6 27. Nb2
Nd6 28. Rg1 f6 29. Rf1 g5 30. Rh1 Ndf7 31. Nf1 Bf3 32. Rh2 Nxd3+ 33. cxd3 Ne5
34. Rd2 c5 35. Ne3 Ke6 36. Kc2 gxh4 37. Rh2 Ng4 38. Nxg4 hxg4 0-1

[Event "Unna Open 2023"]
[Site "Unna"]
[Date "2023.12.30"]
[Round "7.12"]
[White "Dahlbeck, Mirko"]
[Black "Medger, Gernot"]
[Result "1/2-1/2"]
[WhiteElo "2013"]
[BlackElo "1813"]
[Annotator "Medger,Gernot"]
[PlyCount "51"]
[EventDate "2023.12.??"]
[EventType "swiss"]
[EventRounds "7"]
[EventCountry "GER"]
[Tiebreak "Progressive score"]
[SourceVersionDate "2023.12.27"]

1. e4 d5 2. exd5 Qxd5 3. Nc3 Qd8 4. d4 Nf6 5. Bc4 a6 6. a4 e6 7. Nf3 Nc6 8. O-O
Be7 9. Re1 O-O 10. Bb3 Nb4 11. Ne4 Nxe4 12. Rxe4 b6 13. Ne5 Bf6 14. Ng4 Be7 15.
Re3 Nd5 16. Rh3 Bb7 17. Qd3 g6 18. Qd2 g5 19. Qd3 f5 20. f4 Kg7 21. Rh5 Rh8 22.
Ne5 Qe8 23. Rh3 g4 24. Bxd5 Bxd5 25. Rg3 h5 26. b3 1/2-1/2

[Event "Unna Open 2023"]
[Site "Unna"]
[Date "2023.12.30"]
[Round "7.14"]
[White "Scholtyßek, Normann"]
[Black "Stöckmann, Helmut"]
[Result "0-1"]
[WhiteElo "1559"]
[BlackElo "1967"]
[PlyCount "110"]
[EventDate "2023.12.??"]
[EventType "swiss"]
[EventRounds "7"]
[EventCountry "GER"]
[Tiebreak "Progressive score"]
[SourceVersionDate "2023.12.27"]

1. b3 Nf6 2. Bb2 g6 3. e3 Bg7 4. Nf3 O-O 5. d4 d6 6. Bd3 c5 7. c4 Bg4 8. h3
Bxf3 9. Qxf3 Nc6 10. a3 cxd4 11. exd4 e5 12. dxe5 dxe5 13. Qe3 Nd4 14. Nd2 Nh5
15. O-O Nf4 16. Be4 Qg5 17. Kh2 Nf5 18. Qf3 Rad8 19. Rad1 Ne6 20. Bd5 Ned4 21.
Qd3 Kh8 22. Ne4 Qe7 23. b4 b5 24. Nc5 bxc4 25. Qxc4 e4 26. Kh1 Nd6 27. Qa2 N4f5
28. Nxe4 Nxe4 29. Rfe1 Bxb2 30. Bxe4 Qf6 31. Rb1 Bd4 32. Rbc1 Nd6 33. Bf3 Bb6
34. a4 a5 35. Rc6 Ba7 36. Ra6 Bb8 37. Rxa5 Nf5 38. Rd5 Rxd5 39. Bxd5 Qd6 40. g3
Qxb4 41. Rb1 Qd4 42. Kg2 Ba7 43. Rb7 Nd6 44. Rd7 Ne4 45. Rxa7 Nc3 46. Qb2 Qxd5+
47. Kh2 Qc5 48. Rd7 Kg8 49. Qc2 Qb4 50. Ra7 Re8 51. Qd2 Qc5 52. Rd7 Re2 53.
Rd8+ Kg7 54. Qd4+ Qxd4 55. Rxd4 Rxf2+ 0-1

[Event "Unna Open 2023"]
[Site "Unna"]
[Date "2023.12.30"]
[Round "7.15"]
[White "Gieseler, Felix"]
[Black "Meier, Jan"]
[Result "1-0"]
[WhiteElo "1948"]
[BlackElo "1856"]
[PlyCount "71"]
[EventDate "2023.12.??"]
[EventType "swiss"]
[EventRounds "7"]
[EventCountry "GER"]
[Tiebreak "Progressive score"]
[SourceVersionDate "2023.12.27"]

1. e4 c5 2. Nf3 Nf6 3. Nc3 e6 4. e5 Nd5 5. Nxd5 exd5 6. d4 Nc6 7. dxc5 Bxc5 8.
Qxd5 Qb6 9. Qd2 O-O 10. Bd3 Re8 11. O-O Nxe5 12. Nxe5 Rxe5 13. b3 d5 14. Bb2 d4
15. Qf4 Rh5 16. Rfe1 Be6 17. Qf3 g6 18. Be4 Rb8 19. Rad1 f5 20. Bd5 Re8 21.
Bxe6+ Rxe6 22. Qd5 Kf7 23. Rxe6 Qxe6 24. Qxc5 Rh4 25. Qc4 Qxc4 26. bxc4 Re4 27.
Kf1 Re6 28. Bxd4 Ra6 29. Rb1 b6 30. c5 Rxa2 31. cxb6 axb6 32. c3 f4 33. Rxb6 g5
34. g3 Ke7 35. gxf4 gxf4 36. Rf6 1-0

[Event "Unna Open 2023"]
[Site "Unna"]
[Date "2023.12.30"]
[Round "7.16"]
[White "Junk, Phillip"]
[Black "Reufer, Berthold"]
[Result "1-0"]
[WhiteElo "2123"]
[BlackElo "1783"]
[PlyCount "27"]
[EventDate "2023.12.??"]
[EventType "swiss"]
[EventRounds "7"]
[EventCountry "GER"]
[Tiebreak "Progressive score"]
[SourceVersionDate "2023.12.27"]

1. e4 e6 2. d4 d5 3. exd5 exd5 4. Nf3 Be6 5. Bd3 Bd6 6. O-O Nc6 7. Re1 Qd7 8.
c4 O-O-O 9. c5 Be7 10. Bb5 f6 11. Qa4 Kb8 12. Bxc6 bxc6 13. Re3 a6 14. Qxa6 1-0

[Event "Unna Open 2023"]
[Site "Unna"]
[Date "2023.12.30"]
[Round "7.17"]
[White "Alberts, Kai"]
[Black "Richter, Marc"]
[Result "1-0"]
[WhiteElo "1907"]
[BlackElo "1651"]
[PlyCount "49"]
[EventDate "2023.12.??"]
[EventType "swiss"]
[EventRounds "7"]
[EventCountry "GER"]
[Tiebreak "Progressive score"]
[SourceVersionDate "2023.12.27"]

1. e4 c5 2. Nc3 Nc6 3. Bb5 a6 4. Bxc6 bxc6 5. f4 d5 6. e5 h5 7. Nf3 Nh6 8. O-O
Nf5 9. b3 Qa5 10. Ne2 h4 11. d4 cxd4 12. Nfxd4 Qb6 13. c3 e6 14. Kh1 Bb7 15.
Nxf5 exf5 16. Nd4 c5 17. Nxf5 d4 18. h3 Qc6 19. Qg4 Bc8 20. Nxg7+ Bxg7 21. Qxg7
Rh5 22. Qg8+ Ke7 23. f5 Bxf5 24. Bg5+ Rxg5 25. Qxg5+ 1-0

[Event "Unna Open 2023"]
[Site "Unna"]
[Date "2023.12.30"]
[Round "7.18"]
[White "Öztekin, Atilla"]
[Black "Hart, Theo"]
[Result "1-0"]
[WhiteElo "1780"]
[BlackElo "1889"]
[PlyCount "111"]
[EventDate "2023.12.??"]
[EventType "swiss"]
[EventRounds "7"]
[EventCountry "GER"]
[Tiebreak "Progressive score"]
[SourceVersionDate "2023.12.27"]

1. e4 e6 2. b3 d5 3. Bb2 dxe4 4. Nc3 Nf6 5. Qe2 Nbd7 6. Nxe4 Nxe4 7. Qxe4 Nf6
8. Qe2 Be7 9. Nf3 a5 10. a4 O-O 11. g4 b6 12. O-O-O Ba6 13. c4 Bb7 14. g5 Nd7
15. Rg1 Bd6 16. d4 Qe7 17. Kb1 Rae8 18. Ne5 Nxe5 19. dxe5 Ba3 20. Bg2 Bxg2 21.
Rxg2 Rd8 22. f4 Qb4 23. Rg3 Bxb2 24. Kxb2 Rxd1 25. Qxd1 Qc5 26. Qd2 g6 27. Rd3
Qc6 28. Kc2 Kg7 29. Qe3 Qh1 30. Qd2 Qe4 31. Kc3 Qh1 32. Rd7 Qa1+ 33. Kc2 Qa2+
34. Kc3 Qa1+ 35. Qb2 Qe1+ 36. Rd2 Qe3+ 37. Kc2 Qxf4 38. Qd4 Qxg5 39. Kb1 Qf5+
40. Ka2 h5 41. Qe3 Qg4 42. h3 Qh4 43. Rd4 Qe7 44. Qf3 Rd8 45. Qf6+ Qxf6 46.
exf6+ Kxf6 47. Rxd8 g5 48. c5 bxc5 49. Ra8 g4 50. hxg4 hxg4 51. Rxa5 g3 52.
Rxc5 e5 53. a5 Kf5 54. a6 Kf4 55. a7 g2 56. Rc1 1-0

[Event "Unna Open 2023"]
[Site "Unna"]
[Date "2023.12.30"]
[Round "7.19"]
[White "Hart, Klaus"]
[Black "Reinacher, Detlev"]
[Result "1-0"]
[WhiteElo "1873"]
[BlackElo "1625"]
[PlyCount "45"]
[EventDate "2023.12.??"]
[EventType "swiss"]
[EventRounds "7"]
[EventCountry "GER"]
[Tiebreak "Progressive score"]
[SourceVersionDate "2023.12.27"]

1. Nf3 d6 2. d4 g6 3. Bg5 Bg7 4. Nbd2 Nf6 5. e3 O-O 6. Bc4 c6 7. O-O b5 8. Bb3
Bb7 9. c4 a6 10. h3 Nbd7 11. Rc1 e5 12. dxe5 dxe5 13. Ne4 Qc7 14. Bxf6 Nxf6 15.
Qd6 Qxd6 16. Nxd6 e4 17. Ng5 h6 18. Ngxf7 bxc4 19. Bxc4 Nd5 20. Nxh6+ Bxh6 21.
Nxb7 Ra7 22. Na5 Rf6 23. Nxc6 1-0